02039nam a2200313 a 4500003000500000005001700005007000300022008004100025020002200066040002300088050002100111082002200132100001900154240009600173245009000269250001700359264004800376300005000424336002700474337002700501338002800528505017100556520089600727650001601623650002201639650001401661650001601675700003401691CHAP20230324104752.0ta230324s2015 -geao||fr|||| 001 0 spa d a978-3-8480-0865-0 amxchpuacCHAPerda10aTT157b.B87 201500a745bB87 20152201 aBusch, Marlies1 aMit liebe selbst gemacht. Geschenke aus küche und garten, woll- und nähkorb.lEspañol10aRegalos caseros :bideas para compartir /cMarlies Busch ; traductora Almudena Sasian a1a edición aBarcelona, España :bH. F. Ullmann,c2015 a167 páginas :bilustraciones, fotografías 2rdacontentatextobtxt 2rdamediaasin mediobn 2rdacarrieravolumenbnc0 aPrólogo -- Regalos culinarios -- Regalos de lana e hilo -- Regalos de cosmética y bienestar -- Regalos para la casa y el jardín -- Ideas para empaquetar regalos2 aSiempre es bonito ofrecer un regalo hecho con las propias manos, de concepción personal e individualizada y que, además, transmite la ilusión y el amor con que se ha realizado. Este libro es una excelente fuente de inspiración para elaborar todo tipo de regalos caseros, desde delicias cocinadas y conservas hasta objetos decorativos y accesorios. Con él aprenderá a hacer encantadores y prácticos regalos. En sus cinco capítulos podrá escoger entre preparar un detalle culinario (por ejemplo, unas trufas), un cosmético casero (como un aceite de masaje), una prenda de punto (una bufanda) o un objeto decorativo hecho a mano (como un rústico portavelas). Con sus más de 100 propuestas, que incluyen instrucciones paso a paso, este libro le guiará a través del arte de la elaboración manual de entrañables regalos. Hay ideas para todos los gustos y ocasiones.13aConservas 13aTrabajos manuales13aPreserves13aHandicrafts1 aSasiain, Almudenaetraductora